00590nam a2200169 a 450000100100000000500170001000800410002704000250006810000280009324500660012125000120018726000570019930000210025650000210027795201050029899900170040300002909220200930055327.0110413s1975 ag 000 0 spa d aDO-SdBNPbspacBNPHU1 aOuspensky, P. O.95599813aFragmentos de una enseñanza desconocida /cP. O. Ouspensky. a3a. ed. aBuenos Aires, Argentina :bLibreria Hachette,c1975. a510 p. ;c23 cm. aIncluye índice 001050718MOaGRbGRcHDd2011-04-13iLF1l0o p29092-10r2020-06-25w2020-06-25y1ZNo se presta c28584d28584